00925nam a2200241 a 4500001001000000005001700010008004100027020001500068041000800083044000700091050002100098100003900119245005500158250000600213260004900219300004700268500009500315500008100410650004100491650004200532650005200574700005700626BRCA_135020190320203404.0941110s1991 mx-a---###---#000-0#spa-# a9686525009 aspa amx 4aN8070b.E83 19911 aEscalada, XaviercS. J.d1918-200610aGuadalupebarte y esplendorcXavier Escalada S. J. a2 a[México]bEnciclopedia Guadalupanac[1991] a178 p.bil. a colorc31 cm.eun tríptico aContiene cuatro traducciones del náhuatl al español de Antonio Valeriano Nican Mopohua aIncluye piezas de la colección Franz Mayer: p. 13, 80, 81, 82, 83, 93 y 9614aGuadalupe, nuestra señora dexArte14aArte cristiano y simbolismozMéxico14aGuadalupe, nuestra señora dexCultozMéxico1 aValeriano, Antoniodca. 1520-1605tNic¯an mop¯ohua